<?xml version="1.0" encoding="UTF-8"?>
<collection xmlns="http://www.loc.gov/MARC21/slim">
<record>
  <controlfield tag="001">153368</controlfield>
  <controlfield tag="005">20240321221042.0</controlfield>
  <datafield tag="024" ind1="7" ind2=" ">
    <subfield code="a">10.1038/s41590-020-0707-4</subfield>
    <subfield code="2">doi</subfield>
  </datafield>
  <datafield tag="024" ind1="7" ind2=" ">
    <subfield code="a">pmid:32541832</subfield>
    <subfield code="2">pmid</subfield>
  </datafield>
  <datafield tag="024" ind1="7" ind2=" ">
    <subfield code="a">1529-2908</subfield>
    <subfield code="2">ISSN</subfield>
  </datafield>
  <datafield tag="024" ind1="7" ind2=" ">
    <subfield code="a">1529-2916</subfield>
    <subfield code="2">ISSN</subfield>
  </datafield>
  <datafield tag="024" ind1="7" ind2=" ">
    <subfield code="a">altmetric:84050812</subfield>
    <subfield code="2">altmetric</subfield>
  </datafield>
  <datafield tag="037" ind1=" " ind2=" ">
    <subfield code="a">DZNE-2020-01365</subfield>
  </datafield>
  <datafield tag="041" ind1=" " ind2=" ">
    <subfield code="a">English</subfield>
  </datafield>
  <datafield tag="082" ind1=" " ind2=" ">
    <subfield code="a">610</subfield>
  </datafield>
  <datafield tag="100" ind1="1" ind2=" ">
    <subfield code="a">Masuda, Takahiro</subfield>
    <subfield code="0">P:(DE-HGF)0</subfield>
    <subfield code="b">0</subfield>
    <subfield code="e">Corresponding author</subfield>
  </datafield>
  <datafield tag="245" ind1=" " ind2=" ">
    <subfield code="a">Novel Hexb-based tools for studying microglia in the CNS.</subfield>
  </datafield>
  <datafield tag="260" ind1=" " ind2=" ">
    <subfield code="a">London</subfield>
    <subfield code="c">2020</subfield>
    <subfield code="b">Springer Nature Limited</subfield>
  </datafield>
  <datafield tag="336" ind1="7" ind2=" ">
    <subfield code="a">article</subfield>
    <subfield code="2">DRIVER</subfield>
  </datafield>
  <datafield tag="336" ind1="7" ind2=" ">
    <subfield code="a">Output Types/Journal article</subfield>
    <subfield code="2">DataCite</subfield>
  </datafield>
  <datafield tag="336" ind1="7" ind2=" ">
    <subfield code="a">Journal Article</subfield>
    <subfield code="b">journal</subfield>
    <subfield code="m">journal</subfield>
    <subfield code="0">PUB:(DE-HGF)16</subfield>
    <subfield code="s">1704807496_29464</subfield>
    <subfield code="2">PUB:(DE-HGF)</subfield>
  </datafield>
  <datafield tag="336" ind1="7" ind2=" ">
    <subfield code="a">ARTICLE</subfield>
    <subfield code="2">BibTeX</subfield>
  </datafield>
  <datafield tag="336" ind1="7" ind2=" ">
    <subfield code="a">JOURNAL_ARTICLE</subfield>
    <subfield code="2">ORCID</subfield>
  </datafield>
  <datafield tag="336" ind1="7" ind2=" ">
    <subfield code="a">Journal Article</subfield>
    <subfield code="0">0</subfield>
    <subfield code="2">EndNote</subfield>
  </datafield>
  <datafield tag="520" ind1=" " ind2=" ">
    <subfield code="a">Microglia and central nervous system (CNS)-associated macrophages (CAMs), such as perivascular and meningeal macrophages, are implicated in virtually all diseases of the CNS. However, little is known about their cell-type-specific roles in the absence of suitable tools that would allow for functional discrimination between the ontogenetically closely related microglia and CAMs. To develop a new microglia gene targeting model, we first applied massively parallel single-cell analyses to compare microglia and CAM signatures during homeostasis and disease and identified hexosaminidase subunit beta (Hexb) as a stably expressed microglia core gene, whereas other microglia core genes were substantially downregulated during pathologies. Next, we generated HexbtdTomato mice to stably monitor microglia behavior in vivo. Finally, the Hexb locus was employed for tamoxifen-inducible Cre-mediated gene manipulation in microglia and for fate mapping of microglia but not CAMs. In sum, we provide valuable new genetic tools to specifically study microglia functions in the CNS.</subfield>
  </datafield>
  <datafield tag="536" ind1=" " ind2=" ">
    <subfield code="a">344 - Clinical and Health Care Research (POF3-344)</subfield>
    <subfield code="0">G:(DE-HGF)POF3-344</subfield>
    <subfield code="c">POF3-344</subfield>
    <subfield code="f">POF III</subfield>
    <subfield code="x">0</subfield>
  </datafield>
  <datafield tag="588" ind1=" " ind2=" ">
    <subfield code="a">Dataset connected to CrossRef, PubMed,</subfield>
  </datafield>
  <datafield tag="650" ind1=" " ind2="7">
    <subfield code="a">Luminescent Agents</subfield>
    <subfield code="2">NLM Chemicals</subfield>
  </datafield>
  <datafield tag="650" ind1=" " ind2="7">
    <subfield code="a">Luminescent Proteins</subfield>
    <subfield code="2">NLM Chemicals</subfield>
  </datafield>
  <datafield tag="650" ind1=" " ind2="7">
    <subfield code="a">red fluorescent protein</subfield>
    <subfield code="2">NLM Chemicals</subfield>
  </datafield>
  <datafield tag="650" ind1=" " ind2="7">
    <subfield code="a">beta-Hexosaminidase beta Chain</subfield>
    <subfield code="0">EC 3.2.1.52</subfield>
    <subfield code="2">NLM Chemicals</subfield>
  </datafield>
  <datafield tag="650" ind1=" " ind2="2">
    <subfield code="a">Animals</subfield>
    <subfield code="2">MeSH</subfield>
  </datafield>
  <datafield tag="650" ind1=" " ind2="2">
    <subfield code="a">Brain: cytology</subfield>
    <subfield code="2">MeSH</subfield>
  </datafield>
  <datafield tag="650" ind1=" " ind2="2">
    <subfield code="a">Brain: immunology</subfield>
    <subfield code="2">MeSH</subfield>
  </datafield>
  <datafield tag="650" ind1=" " ind2="2">
    <subfield code="a">Brain: pathology</subfield>
    <subfield code="2">MeSH</subfield>
  </datafield>
  <datafield tag="650" ind1=" " ind2="2">
    <subfield code="a">CRISPR-Cas Systems: genetics</subfield>
    <subfield code="2">MeSH</subfield>
  </datafield>
  <datafield tag="650" ind1=" " ind2="2">
    <subfield code="a">Encephalomyelitis, Autoimmune, Experimental: immunology</subfield>
    <subfield code="2">MeSH</subfield>
  </datafield>
  <datafield tag="650" ind1=" " ind2="2">
    <subfield code="a">Encephalomyelitis, Autoimmune, Experimental: pathology</subfield>
    <subfield code="2">MeSH</subfield>
  </datafield>
  <datafield tag="650" ind1=" " ind2="2">
    <subfield code="a">Facial Nerve Injuries: immunology</subfield>
    <subfield code="2">MeSH</subfield>
  </datafield>
  <datafield tag="650" ind1=" " ind2="2">
    <subfield code="a">Facial Nerve Injuries: pathology</subfield>
    <subfield code="2">MeSH</subfield>
  </datafield>
  <datafield tag="650" ind1=" " ind2="2">
    <subfield code="a">Gene Knock-In Techniques</subfield>
    <subfield code="2">MeSH</subfield>
  </datafield>
  <datafield tag="650" ind1=" " ind2="2">
    <subfield code="a">Genes, Reporter: genetics</subfield>
    <subfield code="2">MeSH</subfield>
  </datafield>
  <datafield tag="650" ind1=" " ind2="2">
    <subfield code="a">Genetic Loci: genetics</subfield>
    <subfield code="2">MeSH</subfield>
  </datafield>
  <datafield tag="650" ind1=" " ind2="2">
    <subfield code="a">Humans</subfield>
    <subfield code="2">MeSH</subfield>
  </datafield>
  <datafield tag="650" ind1=" " ind2="2">
    <subfield code="a">Intravital Microscopy</subfield>
    <subfield code="2">MeSH</subfield>
  </datafield>
  <datafield tag="650" ind1=" " ind2="2">
    <subfield code="a">Luminescent Agents: chemistry</subfield>
    <subfield code="2">MeSH</subfield>
  </datafield>
  <datafield tag="650" ind1=" " ind2="2">
    <subfield code="a">Luminescent Proteins: chemistry</subfield>
    <subfield code="2">MeSH</subfield>
  </datafield>
  <datafield tag="650" ind1=" " ind2="2">
    <subfield code="a">Luminescent Proteins: genetics</subfield>
    <subfield code="2">MeSH</subfield>
  </datafield>
  <datafield tag="650" ind1=" " ind2="2">
    <subfield code="a">Macrophages: immunology</subfield>
    <subfield code="2">MeSH</subfield>
  </datafield>
  <datafield tag="650" ind1=" " ind2="2">
    <subfield code="a">Macrophages: metabolism</subfield>
    <subfield code="2">MeSH</subfield>
  </datafield>
  <datafield tag="650" ind1=" " ind2="2">
    <subfield code="a">Mice</subfield>
    <subfield code="2">MeSH</subfield>
  </datafield>
  <datafield tag="650" ind1=" " ind2="2">
    <subfield code="a">Microglia: immunology</subfield>
    <subfield code="2">MeSH</subfield>
  </datafield>
  <datafield tag="650" ind1=" " ind2="2">
    <subfield code="a">Microglia: metabolism</subfield>
    <subfield code="2">MeSH</subfield>
  </datafield>
  <datafield tag="650" ind1=" " ind2="2">
    <subfield code="a">NIH 3T3 Cells</subfield>
    <subfield code="2">MeSH</subfield>
  </datafield>
  <datafield tag="650" ind1=" " ind2="2">
    <subfield code="a">RNA-Seq</subfield>
    <subfield code="2">MeSH</subfield>
  </datafield>
  <datafield tag="650" ind1=" " ind2="2">
    <subfield code="a">Single-Cell Analysis</subfield>
    <subfield code="2">MeSH</subfield>
  </datafield>
  <datafield tag="650" ind1=" " ind2="2">
    <subfield code="a">Transfection</subfield>
    <subfield code="2">MeSH</subfield>
  </datafield>
  <datafield tag="650" ind1=" " ind2="2">
    <subfield code="a">beta-Hexosaminidase beta Chain: genetics</subfield>
    <subfield code="2">MeSH</subfield>
  </datafield>
  <datafield tag="650" ind1=" " ind2="2">
    <subfield code="a">beta-Hexosaminidase beta Chain: metabolism</subfield>
    <subfield code="2">MeSH</subfield>
  </datafield>
  <datafield tag="700" ind1="1" ind2=" ">
    <subfield code="a">Amann, Lukas</subfield>
    <subfield code="0">P:(DE-HGF)0</subfield>
    <subfield code="b">1</subfield>
  </datafield>
  <datafield tag="700" ind1="1" ind2=" ">
    <subfield code="a">Sankowski, Roman</subfield>
    <subfield code="0">P:(DE-HGF)0</subfield>
    <subfield code="b">2</subfield>
  </datafield>
  <datafield tag="700" ind1="1" ind2=" ">
    <subfield code="a">Staszewski, Ori</subfield>
    <subfield code="0">P:(DE-HGF)0</subfield>
    <subfield code="b">3</subfield>
  </datafield>
  <datafield tag="700" ind1="1" ind2=" ">
    <subfield code="a">Lenz, Maximilian</subfield>
    <subfield code="0">P:(DE-HGF)0</subfield>
    <subfield code="b">4</subfield>
  </datafield>
  <datafield tag="700" ind1="1" ind2=" ">
    <subfield code="a">D Errico, Paolo</subfield>
    <subfield code="0">P:(DE-HGF)0</subfield>
    <subfield code="b">5</subfield>
  </datafield>
  <datafield tag="700" ind1="1" ind2=" ">
    <subfield code="a">Snaidero, Nicolas</subfield>
    <subfield code="0">P:(DE-HGF)0</subfield>
    <subfield code="b">6</subfield>
  </datafield>
  <datafield tag="700" ind1="1" ind2=" ">
    <subfield code="a">Costa Jordão, Marta Joana</subfield>
    <subfield code="0">P:(DE-HGF)0</subfield>
    <subfield code="b">7</subfield>
  </datafield>
  <datafield tag="700" ind1="1" ind2=" ">
    <subfield code="a">Böttcher, Chotima</subfield>
    <subfield code="0">P:(DE-HGF)0</subfield>
    <subfield code="b">8</subfield>
  </datafield>
  <datafield tag="700" ind1="1" ind2=" ">
    <subfield code="a">Kierdorf, Katrin</subfield>
    <subfield code="0">P:(DE-HGF)0</subfield>
    <subfield code="b">9</subfield>
  </datafield>
  <datafield tag="700" ind1="1" ind2=" ">
    <subfield code="a">Jung, Steffen</subfield>
    <subfield code="0">P:(DE-HGF)0</subfield>
    <subfield code="b">10</subfield>
  </datafield>
  <datafield tag="700" ind1="1" ind2=" ">
    <subfield code="a">Priller, Josef</subfield>
    <subfield code="0">P:(DE-2719)2811122</subfield>
    <subfield code="b">11</subfield>
    <subfield code="u">dzne</subfield>
  </datafield>
  <datafield tag="700" ind1="1" ind2=" ">
    <subfield code="a">Misgeld, Thomas</subfield>
    <subfield code="0">P:(DE-HGF)0</subfield>
    <subfield code="b">12</subfield>
  </datafield>
  <datafield tag="700" ind1="1" ind2=" ">
    <subfield code="a">Vlachos, Andreas</subfield>
    <subfield code="0">P:(DE-HGF)0</subfield>
    <subfield code="b">13</subfield>
  </datafield>
  <datafield tag="700" ind1="1" ind2=" ">
    <subfield code="a">Meyer-Luehmann, Melanie</subfield>
    <subfield code="0">P:(DE-HGF)0</subfield>
    <subfield code="b">14</subfield>
  </datafield>
  <datafield tag="700" ind1="1" ind2=" ">
    <subfield code="a">Knobeloch, Klaus-Peter</subfield>
    <subfield code="0">P:(DE-HGF)0</subfield>
    <subfield code="b">15</subfield>
  </datafield>
  <datafield tag="700" ind1="1" ind2=" ">
    <subfield code="a">Prinz, Marco</subfield>
    <subfield code="0">P:(DE-HGF)0</subfield>
    <subfield code="b">16</subfield>
  </datafield>
  <datafield tag="773" ind1=" " ind2=" ">
    <subfield code="a">10.1038/s41590-020-0707-4</subfield>
    <subfield code="g">Vol. 21, no. 7, p. 802 - 815</subfield>
    <subfield code="0">PERI:(DE-600)2026412-4</subfield>
    <subfield code="n">7</subfield>
    <subfield code="p">802 - 815</subfield>
    <subfield code="t">Nature immunology</subfield>
    <subfield code="v">21</subfield>
    <subfield code="y">2020</subfield>
    <subfield code="x">1529-2916</subfield>
  </datafield>
  <datafield tag="856" ind1="4" ind2=" ">
    <subfield code="u">http://pub.dzne.de/record/153368/files/DZNE-2020-01365.pdf</subfield>
  </datafield>
  <datafield tag="856" ind1="4" ind2=" ">
    <subfield code="u">http://pub.dzne.de/record/153368/files/DZNE-2020-01365.pdf?subformat=pdfa</subfield>
    <subfield code="x">pdfa</subfield>
  </datafield>
  <datafield tag="909" ind1="C" ind2="O">
    <subfield code="p">VDB</subfield>
    <subfield code="o">oai:pub.dzne.de:153368</subfield>
  </datafield>
  <datafield tag="910" ind1="1" ind2=" ">
    <subfield code="a">Deutsches Zentrum für Neurodegenerative Erkrankungen</subfield>
    <subfield code="0">I:(DE-588)1065079516</subfield>
    <subfield code="k">DZNE</subfield>
    <subfield code="b">11</subfield>
    <subfield code="6">P:(DE-2719)2811122</subfield>
  </datafield>
  <datafield tag="913" ind1="1" ind2=" ">
    <subfield code="a">DE-HGF</subfield>
    <subfield code="b">Gesundheit</subfield>
    <subfield code="l">Erkrankungen des Nervensystems</subfield>
    <subfield code="1">G:(DE-HGF)POF3-340</subfield>
    <subfield code="0">G:(DE-HGF)POF3-344</subfield>
    <subfield code="3">G:(DE-HGF)POF3</subfield>
    <subfield code="2">G:(DE-HGF)POF3-300</subfield>
    <subfield code="4">G:(DE-HGF)POF</subfield>
    <subfield code="v">Clinical and Health Care Research</subfield>
    <subfield code="x">0</subfield>
  </datafield>
  <datafield tag="914" ind1="1" ind2=" ">
    <subfield code="y">2020</subfield>
  </datafield>
  <datafield tag="915" ind1=" " ind2=" ">
    <subfield code="a">DBCoverage</subfield>
    <subfield code="0">StatID:(DE-HGF)0160</subfield>
    <subfield code="2">StatID</subfield>
    <subfield code="b">Essential Science Indicators</subfield>
    <subfield code="d">2020-08-29</subfield>
  </datafield>
  <datafield tag="915" ind1=" " ind2=" ">
    <subfield code="a">DBCoverage</subfield>
    <subfield code="0">StatID:(DE-HGF)1190</subfield>
    <subfield code="2">StatID</subfield>
    <subfield code="b">Biological Abstracts</subfield>
    <subfield code="d">2020-08-29</subfield>
  </datafield>
  <datafield tag="915" ind1=" " ind2=" ">
    <subfield code="a">WoS</subfield>
    <subfield code="0">StatID:(DE-HGF)0113</subfield>
    <subfield code="2">StatID</subfield>
    <subfield code="b">Science Citation Index Expanded</subfield>
    <subfield code="d">2020-08-29</subfield>
  </datafield>
  <datafield tag="915" ind1=" " ind2=" ">
    <subfield code="a">Nationallizenz</subfield>
    <subfield code="0">StatID:(DE-HGF)0420</subfield>
    <subfield code="2">StatID</subfield>
    <subfield code="d">2023-03-30</subfield>
    <subfield code="w">ger</subfield>
  </datafield>
  <datafield tag="915" ind1=" " ind2=" ">
    <subfield code="a">JCR</subfield>
    <subfield code="0">StatID:(DE-HGF)0100</subfield>
    <subfield code="2">StatID</subfield>
    <subfield code="b">NAT IMMUNOL : 2021</subfield>
    <subfield code="d">2023-03-30</subfield>
  </datafield>
  <datafield tag="915" ind1=" " ind2=" ">
    <subfield code="a">DBCoverage</subfield>
    <subfield code="0">StatID:(DE-HGF)0200</subfield>
    <subfield code="2">StatID</subfield>
    <subfield code="b">SCOPUS</subfield>
    <subfield code="d">2023-03-30</subfield>
  </datafield>
  <datafield tag="915" ind1=" " ind2=" ">
    <subfield code="a">DBCoverage</subfield>
    <subfield code="0">StatID:(DE-HGF)0300</subfield>
    <subfield code="2">StatID</subfield>
    <subfield code="b">Medline</subfield>
    <subfield code="d">2023-03-30</subfield>
  </datafield>
  <datafield tag="915" ind1=" " ind2=" ">
    <subfield code="a">DBCoverage</subfield>
    <subfield code="0">StatID:(DE-HGF)0600</subfield>
    <subfield code="2">StatID</subfield>
    <subfield code="b">Ebsco Academic Search</subfield>
    <subfield code="d">2023-03-30</subfield>
  </datafield>
  <datafield tag="915" ind1=" " ind2=" ">
    <subfield code="a">Peer Review</subfield>
    <subfield code="0">StatID:(DE-HGF)0030</subfield>
    <subfield code="2">StatID</subfield>
    <subfield code="b">ASC</subfield>
    <subfield code="d">2023-03-30</subfield>
  </datafield>
  <datafield tag="915" ind1=" " ind2=" ">
    <subfield code="a">DBCoverage</subfield>
    <subfield code="0">StatID:(DE-HGF)0199</subfield>
    <subfield code="2">StatID</subfield>
    <subfield code="b">Clarivate Analytics Master Journal List</subfield>
    <subfield code="d">2023-03-30</subfield>
  </datafield>
  <datafield tag="915" ind1=" " ind2=" ">
    <subfield code="a">DBCoverage</subfield>
    <subfield code="0">StatID:(DE-HGF)0150</subfield>
    <subfield code="2">StatID</subfield>
    <subfield code="b">Web of Science Core Collection</subfield>
    <subfield code="d">2023-03-30</subfield>
  </datafield>
  <datafield tag="915" ind1=" " ind2=" ">
    <subfield code="a">DBCoverage</subfield>
    <subfield code="0">StatID:(DE-HGF)1050</subfield>
    <subfield code="2">StatID</subfield>
    <subfield code="b">BIOSIS Previews</subfield>
    <subfield code="d">2023-03-30</subfield>
  </datafield>
  <datafield tag="915" ind1=" " ind2=" ">
    <subfield code="a">DBCoverage</subfield>
    <subfield code="0">StatID:(DE-HGF)1030</subfield>
    <subfield code="2">StatID</subfield>
    <subfield code="b">Current Contents - Life Sciences</subfield>
    <subfield code="d">2023-03-30</subfield>
  </datafield>
  <datafield tag="915" ind1=" " ind2=" ">
    <subfield code="a">IF >= 30</subfield>
    <subfield code="0">StatID:(DE-HGF)9930</subfield>
    <subfield code="2">StatID</subfield>
    <subfield code="b">NAT IMMUNOL : 2021</subfield>
    <subfield code="d">2023-03-30</subfield>
  </datafield>
  <datafield tag="920" ind1="1" ind2=" ">
    <subfield code="0">I:(DE-2719)5000007</subfield>
    <subfield code="k">AG Priller</subfield>
    <subfield code="l">Translational Neuropsychiatry</subfield>
    <subfield code="x">0</subfield>
  </datafield>
  <datafield tag="980" ind1=" " ind2=" ">
    <subfield code="a">journal</subfield>
  </datafield>
  <datafield tag="980" ind1=" " ind2=" ">
    <subfield code="a">VDB</subfield>
  </datafield>
  <datafield tag="980" ind1=" " ind2=" ">
    <subfield code="a">I:(DE-2719)5000007</subfield>
  </datafield>
  <datafield tag="980" ind1=" " ind2=" ">
    <subfield code="a">UNRESTRICTED</subfield>
  </datafield>
</record>
</collection>